000 00385 a2200169 4500
001 61446
020 _a9788526009363
040 _cAnchieta - Pituba
100 _aMunduruku, Daniel
240 1 0 _aContos indígenas brasileiros
_lpor
245 1 0 _aContos indígenas brasileiros
300 _a63
362 0 _a2005
440 1 _aGlobal
650 4 _aLiteratura juvenil
942 _cBK
999 _c61446
_d61446